| 000 | 00000nam##2200000za#4500 |
| 001 | 9.578074 |
| 003 | CaOODSP |
| 005 | 20210624185920 |
| 007 | cr ||||||||||| |
| 008 | 150406|1984||||xxc|||||o f|0| 0 eng|d |
| 022 | |a1488-5379 |
| 040 | |aCaOODSP|beng |
| 043 | |an-cn--- |
| 086 | 1 |aFs97-6/1280E-PDF |
| 110 | 1 |aCanada. |bDepartment of Fisheries and Oceans. |
| 245 | 10|aNear surface bio-oceanographic phenomena in the Quoddy Region, Bay of Fundy / |h[electronic resource]|c[by] G.J.D. Smith, C.L. Jovellanos, and D.E. Gaskin. |
| 260 | |aSt. Andrews - New Brunswick : |bFisheries and Oceans Canada |c1984. |
| 300 | |a127p.|bfigs., references, tables |
| 490 | 1 |aCanadian technical report of fisheries and aquatic sciences|x1488-5379|vNo. 1280 |
| 500 | |aOn t.p.: ... technical Report from the Biological Station, St, Andrews, N.B. The catalogue number and ISSN for the print edition appear in the PDF version. |
| 546 | |a(Résumé en français) |
| 590 | |a13-28-Supp|b2013-12-09 |
| 720 | 1 |aSmith, G. J. D. |
| 720 | 1 |aJovellanos, C. L. |
| 720 | 1 |aGaskin, D. E. |
| 830 | #0|aCanadian technical report of fisheries and aquatic sciences,|x1488-5379|vNo. 1280|w(CaOODSP)9.504449 |
| 856 | 40|ahttp://publications.gc.ca|qPDF|s10,126 KB|uhttps://publications.gc.ca/collections/collection_2013/mpo-dfo/Fs97-6-1280-eng.pdf|yNo. 1280 |